Escuela para la diversidad: crítica a la estandarización, tests y rankings escolares
Guardat en:
| Autor principal: | |
|---|---|
| Format: | Llibre |
| Idioma: | espanyol |
| Publicat: |
Santiago
Universidad Central de Chile
2013
|
| Edició: | 1a. ed |
| Matèries: | |
| Etiquetes: |
Afegir etiqueta
Sense etiquetes, Sigues el primer a etiquetar aquest registre!
|
MARC
| LEADER | 00000cam a2200000 a 4500 | ||
|---|---|---|---|
| 001 | UCD1328 | ||
| 003 | CL-VaPUC | ||
| 008 | 160303e20130000cl |||||||||||||||||spa|d | ||
| 020 | |a 9789563300352 | ||
| 082 | 0 | 4 | |a 372.01 |b MEL |2 21 |
| 100 | |a Mella Valenzuela, Orlando |e autor |9 496633 | ||
| 245 | 1 | 0 | |a Escuela para la diversidad: crítica a la estandarización, tests y rankings escolares |
| 250 | |a 1a. ed | ||
| 300 | |a 126 p | ||
| 942 | |c BK | ||
| 945 | |d 20160303 03:41:00 |a dcastane | ||
| 260 | |a Santiago |b Universidad Central de Chile |c 2013 | ||
| 650 | 0 | |a Educación básica |9 224933 | |
| 650 | 0 | |a Calidad de la educación |9 307271 | |
| 650 | 0 | |a Política educacional |9 308011 | |
| 650 | 0 | |a Igualdad de oportunidades |9 331873 | |
| 583 | |a last modification |c 20160303 03:41:00 |k Rodrigo Vera | ||
| 999 | |c 362689 |d 362687 | ||
| 952 | |0 0 |1 0 |3 erb |4 0 |6 372_010000000000000_MEL_2013 |7 0 |8 A |9 474109 |a BIBEDU |b BIBEDU |i 5264197 |o 372.01 MEL 2013 |p 5264197 |r 2019-11-24 |w 2019-11-24 |y BK |z Catalogado en:20160303 |k EDU | ||